Componentes, susbistemas y prioridades a nivel de finca que pueden servir como criterios para la clasificación de fincas /

Tallennettuna:
Bibliografiset tiedot
Päätekijä: Hart, Robert
Aineistotyyppi: Teksti
Tagit: Lisää tagi
Ei tageja, Lisää ensimmäinen tagi!

MARC

LEADER 00000 a a2200000 04500
001 43465
003
040
100 |a Hart, Robert  
245 |a Componentes, susbistemas y prioridades a nivel de finca que pueden servir como criterios para la clasificación de fincas /  |c Robert Hart 
773 |g páginas 9-26  
999 |c 37841  |d 37841